Longest reigning non-royal leaders - Statistics

General Stats
  • This quiz has been taken 24 times
  • The average score is 5 of 10
Answer Stats
Rank Country Reign Leader % Correct
1 Cuba 52 years Fidel Castro
100%
3 North Korea 45 years Kim Il-Sung
91%
5 Libya 41 years Muammar Gaddafi
82%
10 Spanish State 38 years Francisco Franco
73%
2 Republic of China 46 years Chiang Kai-Shek
36%
8 Albania 40 years Enver Hoxha
27%
6 Gabon 41 years Omar Bongo
14%
9 Sahrawi Arab Democratic Republic 39 years Mohamed Abdelaziz
9%
7 Cameroon 40 years Paul Biya
9%
4 Mongolian Peoples' Republic 44 years Yumjaagiin Tsedenbal
9%
No matching quizzes found
Score Distribution
Percent of People with Each Score
Percentile by Number Answered
Your Score History
You have not taken this quiz